00800nam a22002057a 450000500170000001000150001702000260003203500140005803700090007208200080008110000280008924501020011726000350021927000500025430000210030494200220032599900190034795201040036695201240047020250917121804.0 aENG-146849 a9788182060654c350.00 aEN-130381 bDBAD a921 aBakshi, D.N.Guha985098 aDr.Shyamaprasad Mookherjee: The Nationalist, Educationist and Champion Humanity/cD.N.Guha Bakshi aKolkatabTowards Freedomc2022 aM.K. Bagchi Towards Freedom bKolkatae700091 a150p.c21cm(pbk) 2ddccENh921mBAK c213320d213320 00104070aMbMd2025-09-15eDBADg350.00l0o921 BAKr2025-09-15 00:00:00v350.00w2025-09-15yEN 001040708NFICaMbMd2025-09-15eDBADg350.00l0o921 BAKpEN-130381r2025-09-17 00:00:00t1v350.00w2025-09-17yEN